[Event "Abu Dhabi op-A 30th"]
[Site "Abu Dhabi"]
[Date "2024.08.20"]
[Round "5"]
[White "Manafov, Vugar Gulam"]
[Black "Salem, AR Saleh"]
[Result "0-1"]
[WhiteElo "2441"]
[BlackElo "2652"]
[PlyCount "86"]
[EventDate "2024.08.15"]
[EventType "swiss"]
[EventRounds "9"]
[EventCountry "UAE"]
[SourceTitle "EXT 2025"]
[Source "ChessBase"]
[SourceDate "2024.10.14"]
[SourceVersion "1"]
[SourceVersionDate "2024.10.14"]
[SourceQuality "1"]

1. d4 Nf6 2. Nf3 g6 3. Bg5 Bg7 4. Nbd2 0-0 5. c3 h6 6. Bxf6 exf6 7. e3 d5 8. Be2 Nd7 9. 0-0 Nb6 10. Ne1 Bf5 11. Nd3 Bxd3 12. Bxd3 f5 13. g3 a5 14. a4 Re8 15. Qb3 Bf8 16. Rfd1 c6 17. Rac1 Rb8 18. c4 Bb4 19. Rc2 Qf6 20. cxd5 Nxd5 21. Nf3 Rbd8 22. Bc4 Kg7 23. Rcc1 h5 24. Bf1 Re4 25. Ne5 h4 26. Bg2 hxg3 27. hxg3 Qg5 28. Bxe4 fxe4 29. Kg2 f6 30. Nc4 Qf5 31. Rh1 b5 32. axb5 cxb5 33. Nxa5 Bxa5 34. Rc5 Be1 35. Qc2 Nxe3+ 36. fxe3 Qf3+ 37. Kg1 Qxe3+ 38. Kf1 Qf3+ 39. Kg1 Qxg3+ 40. Kf1 Qf3+ 41. Kg1 Qg4+ 42. Kf1 Bg3 43. Qb3 Qf4+ 0-1

[Event "Titled Tuesday intern op 30th Jul Early"]
[Site "Chess.com INT"]
[Date "2024.07.30"]
[Round "1"]
[White "Zheenbekov, Nurgazi"]
[Black "Manafov, Vugar Gulam"]
[Result "0-1"]
[WhiteElo "2124"]
[BlackElo "2430"]
[PlyCount "62"]
[EventDate "2024.07.30"]
[EventType "swiss (blitz)"]
[EventRounds "11"]
[EventCountry "USA"]
[SourceTitle "EXT 2025"]
[Source "ChessBase"]
[SourceDate "2024.10.14"]
[SourceVersion "1"]
[SourceVersionDate "2024.10.14"]
[SourceQuality "1"]

1. e4 c5 2. Nf3 e6 3. g3 d5 4. exd5 exd5 5. d4 Nf6 6. Bg2 Nc6 7. 0-0 cxd4 8. Nxd4 Be7 9. Nc3 0-0 10. Bg5 h6 11. Bf4 a6 12. Re1 Bg4 13. Qd2 Na5 14. h3 Nc4 15. Qc1 Bc8 16. Bxh6 gxh6 17. Qxh6 Re8 18. Rad1 Bf8 19. Qg5+ Bg7 20. Rxe8+ Qxe8 21. Bxd5 Qe5 22. Qxe5 Nxe5 23. Re1 Ng6 24. Bg2 Rb8 25. h4 Bg4 26. Na4 Bf8 27. c3 b5 28. Nc6 Rb7 29. Na5 Rd7 30. Nb6 Rd2 31. Nc6 Bc5 0-1

[Event "Baku op"]
[Site "Baku"]
[Date "2024.07.04"]
[Round "6"]
[White "Moosavifar, Seyed Abolfazl"]
[Black "Manafov, Vugar Gulam"]
[Result "0-1"]
[WhiteElo "2283"]
[BlackElo "2430"]
[PlyCount "140"]
[EventDate "2024.06.29"]
[EventType "swiss"]
[EventRounds "9"]
[EventCountry "AZE"]
[SourceTitle "CBM 221 Extra"]
[Source "ChessBase"]
[SourceDate "2024.09.30"]
[SourceVersion "1"]
[SourceVersionDate "2024.09.30"]
[SourceQuality "1"]

1. e4 c5 2. Nf3 e6 3. d4 cxd4 4. Nxd4 a6 5. Bd3 g6 6. 0-0 Bg7 7. Nb3 Nf6 8. c4 Qc7 9. Nc3 0-0 10. Be3 d6 11. f4 Nbd7 12. a4 b6 13. a5 bxa5 14. Rxa5 Rb8 15. Ra3 Rd8 16. Qe2 Bf8 17. Rc1 Bb7 18. h3 Ba8 19. Rc2 Rdc8 20. c5 dxc5 21. Bxa6 c4 22. Nd4 Bxa3 23. Bxc8 Bf8 24. Ba6 Nxe4 25. Qxc4 Bc5 26. Kh2 Rb4 27. Qxb4 Bxb4 28. Nxe4 Qa7 29. Nf6+ Kh8 30. Rc8+ Nf8 31. Nf5 Qxa6 32. Bd4 e5 33. Bxe5 gxf5 34. Rxa8 Qc6 35. Rc8 Qa6 36. Ra8 Qc6 37. Rc8 Qe6 38. Re8 Qc6 39. Rc8 Qe6 40. Rb8 Be7 41. Re8 Kg7 42. Rxe7 Qc6 43. Re8 Ng6 44. Rg8+ Kh6 45. Rb8 Nxe5 46. fxe5 Qc5 47. Re8 Qd4 48. b3 Qf4+ 49. Kh1 Qc1+ 50. Kh2 Qc5 51. Kh1 Qd4 52. Kh2 Qf4+ 53. Kh1 Qc1+ 54. Kh2 Qc5 55. Kh1 Kg5 56. Nxh7+ Kf4 57. Kh2 Qf2 58. Rg8 Qe1 59. Ng5 Qg3+ 60. Kh1 Ke3 61. Rg7 Ke2 62. Rxf7 Qxg5 63. Ra7 Qc1+ 64. Kh2 Qf4+ 65. Kh1 Qd4 66. Rf7 Qa1+ 67. Kh2 Qxe5+ 68. Kg1 Qc5+ 69. Kh2 Kf2 70. g3 Qd5 0-1

[Event "Baku op"]
[Site "Baku"]
[Date "2024.07.02"]
[Round "4"]
[White "Asadli, Vugar Afgan Oglu"]
[Black "Manafov, Vugar Gulam"]
[Result "1/2-1/2"]
[WhiteElo "2560"]
[BlackElo "2430"]
[PlyCount "97"]
[EventDate "2024.06.29"]
[EventType "swiss"]
[EventRounds "9"]
[EventCountry "AZE"]
[SourceTitle "CBM 221 Extra"]
[Source "ChessBase"]
[SourceDate "2024.09.30"]
[SourceVersion "1"]
[SourceVersionDate "2024.09.30"]
[SourceQuality "1"]

1. e4 c5 2. Nf3 e6 3. d4 cxd4 4. Nxd4 a6 5. Bd3 Bc5 6. Nb3 Ba7 7. Bf4 d6 8. Qd2 Nf6 9. Nc3 e5 10. Bg3 Nh5 11. 0-0-0 Nc6 12. Bc4 Nxg3 13. hxg3 Be6 14. Bxe6 fxe6 15. f3 Bd4 16. Ne2 Bc5 17. Nxc5 dxc5 18. Qxd8+ Rxd8 19. Rxd8+ Kxd8 20. g4 Ke7 21. c3 Kf6 22. Ng3 h6 23. Kd2 Rd8+ 24. Ke2 Na5 25. Nf1 Nc4 26. b3 Nd6 27. Ne3 Ke7 28. a4 Rc8 29. Kd3 Rd8 30. Kc2 Rc8 31. a5 Rd8 32. Nd1 Kd7 33. Nb2 Kc6 34. Nd3 Nf7 35. Nb2 Kb5 36. Ra1 Rd7 37. Nd3 Rd8 38. Ra4 Rc8 39. c4+ Kc6 40. b4 cxb4 41. Rxb4 Rc7 42. Kc3 Kd7 43. Rb6 Ke7 44. c5 Nd8 45. Kb3 Nc6 46. Ka4 Kd7 47. Nb2 Nd8 48. Rd6+ Ke7 49. Nd3 1/2-1/2